Dictionnaire du théâtre (notice n° 1567295)
[ vue normale ]
| 000 -LEADER | |
|---|---|
| fixed length control field | 01235cam a2200133 4500500 |
| 005 - DATE AND TIME OF LATEST TRANSACTION | |
| control field | 20251214002643.0 |
| 041 ## - LANGUAGE CODE | |
| Language code of text/sound track or separate title | fre |
| 042 ## - AUTHENTICATION CODE | |
| Authentication code | dc |
| 100 10 - MAIN ENTRY--PERSONAL NAME | |
| Personal name | Pavis, Patrice |
| Relator term | author |
| 245 00 - TITLE STATEMENT | |
| Title | Dictionnaire du théâtre |
| 260 ## - PUBLICATION, DISTRIBUTION, ETC. | |
| Name of publisher, distributor, etc. | Armand Colin,<br/> |
| Date of publication, distribution, etc. | 2019.<br/> |
| 520 ## - SUMMARY, ETC. | |
| Summary, etc. | Ce dictionnaire déjà traduit dans une dizaine de langues présente les grandes questions de dramaturgie, d'esthétique, de sémiologie et d'anthropologie théâtrale. Il constitue une somme sur l'histoire, la théorie et la pratique des arts de la scène et un outil particulièrement précieux pour l'étudiant tout au long de son parcours en études théâtrales ou au conservatoire. Les notions clés de l'analyse textuelle et scénique y sont définies et explicitées à travers des exemples pris à la fois dans la dramaturgie classique et dans les mises en scène contemporaines. En traitant également des expériences interculturelles et interartistiques, ce dictionnaire encyclopédique permet une approche actuelle et plurielle des textes dramatiques et des représentations. 4e édition entièrement revue et fortement augmentée. |
| 856 41 - ELECTRONIC LOCATION AND ACCESS | |
| Uniform Resource Identifier | <a href="https://shs.cairn.info/dictionnaire-du-theatre--9782200623340?lang=fr&redirect-ssocas=7080">https://shs.cairn.info/dictionnaire-du-theatre--9782200623340?lang=fr&redirect-ssocas=7080</a> |
Pas d'exemplaire disponible.




Réseaux sociaux